DE MEDELLIN A PUEBLA: UNA DECADA DE SANGRE Y ESPERANZA: 1968-1979 /

保存先:
書誌詳細
第一著者: Dussel, Enrique D. (autor)
フォーマット: 図書
シリーズ:RELIGION Y CAMBIO SOCIAL
主題:
タグ: タグ追加
タグなし, このレコードへの初めてのタグを付けませんか!

MARC

LEADER 00000nam^a2200000^a^4500
001 000230560
005 20250521000000.0
009 20260310104441.901
020 |a 968-408-035-2 
035 |a 050108 
037 |a Acervo Xavier Clavigero 
082 |a 261. 7  |b DUS 
100 |a Dussel, Enrique D.  |e (autor) 
245 1 0 |a DE MEDELLIN A PUEBLA:  |b UNA DECADA DE SANGRE Y ESPERANZA: 1968-1979 /  |c ENRIQUE DUSSEL 
264 |a México :  |b Edicol,  |c 1979 
300 |a 615p. 
336 |a texto  |b txt  |2 rdacontenido 
337 |a sin mediación  |b n  |2 rdamedio 
338 |a volumen  |b nc  |2 rdasoporte 
440 |a RELIGION Y CAMBIO SOCIAL 
649 |a XX 
650 |a Iglesia y Estado 
650 |a Iglesia Católica en Latinoamérica 
910 |a Fondo General 
920 |a Impresos - Libros 
930 |a Colección General 
905 |a 101 
901 |a 050108  |b IT1  |c ACC  |i 050108  |u 20250521 
902 |a https://opac.biblio.iteso.mx/vufind/Record/000230560